00390nam a2200145Ia 450000500170000000800410001702000150005808200130007310000190008624500360010526000660014130000160020765000090022365000120023220240607064323.0240331s9999 xx 000 0 und d a9559557505 bSHAa340 aSharvananda, S 0aFundamental rights in Sri Lanka aColombobArnol'ds International Printing House Pvt Lmt.c1993 axi, 443 p., aLaw  aRights